000 01233nam a22002415i 4500
001 157120
003 ES-MaACL
005 20250824063053.0
008 040809s1867 sp |||| | spa d
040 _aCAM
_bspa
_cCAM
100 1 _aLarra y Wetoret, Luis Mariano de,
_d1830-1901
_970289
245 1 4 _aLos órganos de Móstoles
_b: zarzuela bufa en tres actos y en verso /
_cpor Luis Mariano de Larra ; música de Rogel.
260 _aMadrid :
_b[s.n.],
_c1867 (
_fImprenta de José Rodriguez)
300 _a85 p. ;
_c18 cm.
490 1 _aRepertorio de los Bufos Madrileños
500 _aEn port.: Estrenada en el teatro del Circo el dia 14 de septiembre de 1867.
500 _aSolo la letra.
596 _aEn verso de la port.: "Los comisionados de las Galerías Dramáticas y Líricas de Gullon é Hidalgo ..."
700 1 _aRogel, José.
_9131984
830 0 _aRepertorio de los Bufos Madrileños
_9188101
852 _aES-MaACL
_jF-8611(8)
_z-- Enc. pasta española
_q-- Falto de la cub. original
_z-- Enc. en un vol. facticio formando parte de la col. facticia "Teatro español moderno", vol. 66
_z-- Sobre el pie de imp. banderilla en la que consta: Libreria de Rufino Estéban
999 _c157120
_d157120